Introducción a la lógica simbólica

Kaydedildi:
Detaylı Bibliyografya
Yazar: Stahl, Gerold (Yazar)
Materyal Türü: Kitap
Dil:İspanyolca
Baskı/Yayın Bilgisi: Santiago Universitaria 1968
Edisyon:4a. ed
Seri Bilgileri:Contribuciones a la lógica simbólica, 2
Konular:
Etiketler: Etiketle
Etiket eklenmemiş, İlk siz ekleyin!

MARC

LEADER 00000nam a2200000 a 4500
001 UCW0815
003 CL-VaPUC
008 890828e19680000CL |||||||||||||||||spa|d
082 0 4 |a 511.3  |b STA  |2 21 
100 0 |a Stahl, Gerold  |e author  |9 304750 
245 1 0 |a Introducción a la lógica simbólica 
250 |a 4a. ed 
300 |a 226 p 
942 |c BK 
945 |d 19890828 00:00:00 
260 |a Santiago  |b Universitaria  |c 1968 
650 0 |a Lógica matemática   |9 262442 
583 |a last modification  |c 19890828 00:00:00  |k Rodrigo Vera 
490 0 |a Contribuciones a la lógica simbólica, 2 
999 |c 215867  |d 215865